LEADER 01673nam2 2200385 450 001 000040386 005 20150213095454.0 100 $a20150212d1974----km-y0itaa50------ba 101 2 $agrc$afre 102 $aFR 200 1 $aDialogues pythiques$fPlutarque$gtexte établi et traduit par Robert Flacelière 210 $aParis$c<> belles lettres$d1974 215 $aXI, 218 p., [1] carta di tav.$cill.$d20 cm 225 2 $aCollection des universités de France 300 $aTraduzione francese con testo greco a fronte 327 1 $aSur l'E de Delphes ; Sur les oracles de la Pythie , Sur la disparition des oracles 410 0$12001$aCollection des universités de France 461 1$1001000038828$12001$aOeuvres morales$vvol. 6 500 11$aMoralia. De E apud Delphos / Plutarchus$918090 500 11$aMoralia. De Pythiae oraculis / Plutarchus$918091 500 11$aMoralia. De defectu oraculorum / Plutarchus$918092 676 $a888.01$v(22. ed.)$9Miscellanea greca classica. Origini-499 ca 700 0$aPlutarchus$f$0158213 702 1$aFlacelière,$bRobert 801 0$aIT$bUniversità della Basilicata - B.I.A.$gREICAT$2unimarc 912 $a000040386 996 $aMoralia. De E apud Delphos$918090 996 $aMoralia. De defectu oraculorum$918092 996 $aMoralia. De Pythiae oraculis$918091 997 $aUNIBAS CAT $aEXT013$b01$c20150212$lBAS01$h1111 CAT $aEXT013$b01$c20150212$lBAS01$h1130 CAT $aEXT013$b01$c20150213$lBAS01$h0954 FMT Z30 -1$lBAS01$LBAS01$mBOOK$1BASA1$APolo Storico-Umanistico$2GEN$BCollezione generale$3Class/570$615498$5L15498$820150212$f02$FPrestabile Generale LEADER 02013nam 2200541 a 450 001 9910785180103321 005 20230721013407.0 010 $a1-61728-383-5 035 $a(CKB)2670000000041855 035 $a(EBL)3020956 035 $a(SSID)ssj0000416509 035 $a(PQKBManifestationID)12123707 035 $a(PQKBTitleCode)TC0000416509 035 $a(PQKBWorkID)10421143 035 $a(PQKB)10592863 035 $a(MiAaPQ)EBC3020956 035 $a(Au-PeEL)EBL3020956 035 $a(CaPaEBR)ebr10681094 035 $a(OCoLC)847023476 035 $a(EXLCZ)992670000000041855 100 $a20081126d2009 uy 0 101 0 $aeng 135 $aur|n|---||||| 181 $ctxt 182 $cc 183 $acr 200 10$aEducation in post-colonial Ghana$b[electronic resource] $eteachers, schools and bureaucracy /$fGeorge M. Osei 210 $aNew York $cNova Science Publishers$dc2009 215 $a1 online resource (169 p.) 300 $aDescription based upon print version of record. 311 $a1-60692-533-4 320 $aIncludes bibliographical references (p. [131]-140) and index. 327 $aLife in a typical Ghanaian junior high school -- The context for educational reform -- Educational decentralisation reform -- Connecting present conditions to their historical past -- Two disparate worlds -- Ghanaian teachers' devotion to the education system -- Implementation of policy at the local level -- Rightful resistance and autonomy at St. Augustine's junior high school. 606 $aEducation$zGhana 606 $aSchools$xDecentralization$zGhana 606 $aEducational change$zGhana 615 0$aEducation 615 0$aSchools$xDecentralization 615 0$aEducational change 676 $a370.9667/09045 700 $aOsei$b G. M$01477968 801 0$bMiAaPQ 801 1$bMiAaPQ 801 2$bMiAaPQ 906 $aBOOK 912 $a9910785180103321 996 $aEducation in post-colonial Ghana$93693522 997 $aUNINA